000 01268cam a2200361 i 4500
001 42762
003 Mx-PuUPA
005 20240410103823.0
008 140415s1996 sp gr 000 0 spa d
017 _aB.25.981 - 1998
020 _a8439702426
040 _aMx-PuUPA
_bspa
_cMx-PuUPA
_dMx-PuUPA
_erda
041 1 _aspa
_heng
100 1 _913371
_aBaldacci, David,
_d1960-
_eautor
240 1 0 _aAbsolute power.
_lEspañol
245 1 0 _aPoder absoluto :
_b(por orden del presidente ) /
_cDavid Baldacci ; traducción de Alberto Coscarelli
264 1 _aBarcelona :
_bGrijalbo Mondadori,
_c©1996
300 _a399 páginas ;
_c18 cm
336 _2rdacontent
_atexto
_btxt
337 _2rdamedia
_asin medio
_bn
338 _2rdacarrier
_avolumen
_bnc
490 0 _aMitos Bolsillo
650 7 _2armarc
_aPresidentes
_zEstados Unidos
_vNovela
650 7 _2armarc
_aAsesinato
_xEstados
_vNovela
650 7 _2armarc
_aNovela estadounidense
_y1945-1999
700 1 _aCoscarelli, Alberto,
_etraductor
765 0 8 _aBaldacci, David, 1960-
_nAbsolute power.
942 _2ddc
_cLI
_h813.54
_iB175
999 _c42762
_d42762